Normal view MARC view
  • Prajapati V

Entry Personal Name

Number of records used in: 59

001 - CONTROL NUMBER

  • control field: 195895

003 - CONTROL NUMBER IDENTIFIER

  • control field: OSt

005 - DATE AND TIME OF LATEST TRANSACTION

  • control field: 20230714214758.0

008 - FIXED-LENGTH DATA ELEMENTS

  • fixed length control field: 230714|| aca||aabn | a|a d

040 ## - CATALOGING SOURCE

  • Original cataloging agency: OSt
  • Transcribing agency: OSt

100 ## - HEADING--PERSONAL NAME

  • Personal name: Prajapati V

670 ## - SOURCE DATA FOUND

  • Source citation: Work cat.: (OSt)211246: Prajapati V., Big Data Analytics With R And Hadoop, 2013